000 00569nam a2200205Ia 4500
005 20250326144546.0
008 250326s9999 xx 000 0 und d
020 _a978-0-19-5382436-3
037 _aTextbook
040 _aFMSL
_beng
_cFMSL
041 _aeng
_2eng
084 _aX:991 P9
_qFMSL
100 _aBhagwati J
_9738675
245 0 _aSkilled immigration today
_cBhagwati J; Hanson G
260 _aNew Delhi
_bNew Delhi, Oxford
_c2009
300 _a402p
365 _b2457.0405000000001
942 _cTB
_hX:991 P9
999 _c1304161
_d1304161